Cultivos orgánicos: su control biologico en plantas medicinales y aromáticas (Registro nro. 12323)

Detalles MARC
000 -Cabecera
Campo de control de longitud fija 00689nam a22002537a 4500
005 - Fecha y hora de la última transacción
Campo de control 20240624162449.0
008 - Elementos de longitud fija--Información general
Campo de control de longitud fija 190916b2004 xxu||||| |||| 00| 0 spa d
020 ## - International Standard Book Number
Número Internacional Estándar del Libro (ISBN) 9586483835
041 ## - Idioma
Código de idioma Español
082 ## - Clasificación Decimal Dewey
Número de clasificación 581.634 M519c
100 ## - Entrada principal--Autor personal
Nombre personal Méndez, Rosendo
245 ## - Título propiamente dicho
Título Cultivos orgánicos: su control biologico en plantas medicinales y aromáticas
260 ## - Pie de imprenta
Lugar de publicación, distribución, etc. Colombia
260 ## - Pie de imprenta
Nombre del editor, distribuidor, etc. Ecoe Ediciones
260 ## - Pie de imprenta
Fecha de publicación, distribución, etc. 2004
300 ## - Descripción física
Extensión 168 páginas
650 ## - Materia general
Temática (materia general) PLANTAS MEDICINALES
650 ## - Materia general
Temática (materia general) AGRICULTURA BIOLÓGICA
650 ## - Materia general
Temática (materia general) PLANTAS AROMÁTICAS
650 ## - Materia general
Temática (materia general) CONTROL DE ENFERMEDADES
650 ## - Materia general
Temática (materia general) AGRICULTURA ORGÁNICA
650 ## - Materia general
Temática (materia general) ALELOPATÍA
942 ## - Punto de acceso adicional KOHA
Tipo de ítem KOHA Libro
Fuente del sistema de clasificación o colocación Dewey Decimal Classification
Existencias
Signatura completa Código de barras Tipo de ítem
581.634 M519c 24573 Libro